000 00546nam a2200181 i 4500
001 33898
003 ES-MaACL
005 20250115063036.0
007 t|
008 030203q1911 gw ||||1| ger d
100 1 _aBoccaccio, Giovanni,
_d1313-1375
_929661
245 1 4 _aDas Dekameron /
_cGiovanni Boccaccio ; illustried von F.V. Bayros.
260 _aBerlin :
_bWilhem Borugraeber,
_c[1911?]
300 _a484 p. ;
_c19 cm.
700 1 _aBayros, F. V.
_926720
852 _aES-MaACL
_jA-4897
_bR.16982
999 _c33898
_d33898